Tradimenti /

Saved in:
Bibliografiske detaljer
Andre forfattere: Pinter, Harold (Scenarist), Jones, David Hugh (Director), Kingsley, Ben (Actor), Spiegel, Sam (Producer), Irons, Jeremy (Actor), Hodge, Patricia (Actor)
Format: Slide
Sprog:italiensk
Udgivet: Roma : La Repubblica, 1996
Serier:La Repubblica cinema
Tags: Tilføj Tag
Ingen Tags, Vær først til at tagge denne postø!

MARC

LEADER 00000ngm a22000007i 4500
001 IT\ICCU\MOD\0318019
003 ItRI
005 20260124182844.0
008 010330s1996 it |||||||||||||||k|||||c
040 |b ita 
041 7 |a ita  |2 ISO-639-2 
130 0 |a Betrayal <film ; 1983>  |3 IT\ICCU\CAG\0972337 
245 0 0 |a Tradimenti /  |c di David Jones ; sceneggiatura Harold Pinter ; prodotto da Sam Spiegel ; [tratto dall'omonima commedia di Harold Pinter]. 
246 1 3 |a Tradimenti <videoregistrazione>  |9 IT\ICCU\CAG\0972330 
260 |a Roma :  |b La Repubblica,  |c 1996 
300 |a 1 videocassetta (VHS) (ca. 95 min.) :  |b color., son 
500 |a Tit. del contenitore 
500 |a Interpreti: Jeremy Irons, Ben Kingsley, Patricia Hodge 
500 |a Produzione: Gran Bretagna, 1982 
500 |a Doppiato in italiano 
500 |a Pubblicato e distribuito su autorizzazione Academy pictures 
500 |a Suppl. a: La Repubblica. 
700 1 |a Pinter, Harold  |0 IT\ICCU\CFIV\007060  |4 ant 
700 1 |a Pinter, Harold  |0 IT\ICCU\CFIV\007060  |4 sce 
700 1 |a Jones, David Hugh  |0 IT\ICCU\LO1V\354520  |4 drt 
700 1 |a Kingsley, Ben  |0 IT\ICCU\MILV\088426  |4 act 
700 1 |a Spiegel, Sam  |0 IT\ICCU\RAVV\089495  |4 pro 
700 1 |a Irons, Jeremy  |0 IT\ICCU\RAVV\092741  |4 act 
700 1 |a Hodge, Patricia  |0 IT\ICCU\RAVV\097306  |4 act 
830 3 |a La Repubblica cinema  |0 IT\ICCU\TO0\0830765 
942 |2 ddc  |c VM  |n 0 
952 |0 0  |1 0  |4 0  |6 VO_796_000000000000000  |7 0  |9 27038  |a BO  |b BO  |d 2026-01-24  |i 7696  |l 0  |o VO 796  |p BO7696  |r 2026-01-24 18:28:44  |w 2026-01-24  |x [Sebina 5] [1 videocassetta]  |y VM  |z 1 videocassetta 
999 |c 22879  |d 22879